| 000 | 00677nam a2200145Ia 4500 | ||
|---|---|---|---|
| 008 | 151213s9999 xx 000 0 und d | ||
| 100 | _aড. তারেক শামছুর রহমান সম্পাদিত। | ||
| 245 |
_aবাংলাদেশের রাজনীতির চার দশক। _cড. তারেক শামছুর রহমান সম্পাদিত। |
||
| 260 |
_aঢাকা, বাংলাদেশ। _bশোভা পড _c2009 |
||
| 300 | _a9277 p. | ||
| 650 | _aBangla | ||
| 650 | _aরাজনীতি | ||
| 700 | _aড. তারেক শামছুর রহমান সম্পাদিত। | ||
| 999 |
_c4743 _d4743 |
||